Statistics for Marvel Movies

Click here to take the quiz!

General Stats

  • This quiz has been taken 17 times
  • The average score is 23 of 52

Answer Stats

Year:Movie Title:% Correct
2008Iron Man
80%
2018Black Panther
80%
2012Avengers
80%
2013Iron Man 3
73%
2011Captain America: The First Avenger
73%
2010Iron Man 2
73%
2000X Men
73%
2018Avengers: Infinity War
73%
2011Thor
67%
2019Captain Marvel
67%
2019Avengers: Endgame
67%
2012The Amazing Spiderman
67%
2008The Incredible Hulk
67%
2014Captain America: The Winter Soldier
67%
2003Hulk
67%
2015Avengers: Age of Ultron
67%
2015Ant Man
60%
2018Ant Man and the Wasp
60%
2016Captain America: Civil War
60%
2016Doctor Strange
60%
2013Thor: The Dark World
60%
2007Ghost Rider
53%
2017Logan
47%
2017Spiderman: Homecoming
47%
2014The Amazing Spiderman 2
47%
2014X Men: Days of Future Past
47%
2004The Punisher
47%
2007Spiderman 3
47%
2003X2
47%
2004Spiderman 2
47%
2013The Wolverine
40%
2019Spiderman: Far From Home
40%
2011X Men: First Class
40%
2016X Men: Apocalypse
40%
2006X Men: The Last Stand
33%
2008Punisher: War Zone
33%
2016Deadpool
33%
2018Deadpool 2
33%
2019Dark Phoenix
27%
2009X Men Origins: Wolverine
27%
2003Daredevil
27%
2018Venom
20%
2002Spiderman 1
20%
2005Elektra
20%
2017Thor: Ragnorok
13%
2019The New Mutants
13%
2011Ghost Rider: Spirit of Vengence
7%
2014Gurdians of the Galaxy
0%
2018Spiderman: Into The Spiderverse
0%
2017Guardians of the Galaxy: Volume Two
0%
2014Marvel Oneshot: All Hail The King
0%
2020Guardians of the Galaxy: Volume Three
0%

Score Distribution

Percentile by Number Answered

Percent of People with Each Score

Your Score History

You have not taken this quiz